ბათუმის შოთა რუსთაველის სახელმწიფო უნივერსიტეტის ბიბლიოთეკა

ზოგადი პათოფიზიოლოგია. ნ.1 (ბიბ.ჩანაწერი № 43811)

000 -LEADER
fixed length control field 00779nam a2200217Ia 4500
001 - CONTROL NUMBER
control field 10556
003 - CONTROL NUMBER IDENTIFIER
control field GE_BSU
008 - FIXED-LENGTH DATA ELEMENTS--GENERAL INFORMATION
fixed length control field 181216s||||||||xx |||||||||||||| ||und||
020 ## - INTERNATIONAL STANDARD BOOK NUMBER
International Standard Book Number 9992876123
040 ## - CATALOGING SOURCE
Transcribing agency GE_BSU
100 ## - MAIN ENTRY--PERSONAL NAME
Personal name ყიფიანი,ვახტანგ
245 ## - TITLE STATEMENT
Title ზოგადი პათოფიზიოლოგია. ნ.1
245 ## - TITLE STATEMENT
Remainder of title სახ–ლო უმაღლ.სამედიც.სასწ.სტუდენტებისათვის
245 ## - TITLE STATEMENT
Statement of responsibility, etc. სამეცნ.რედ. ი.კვაჭაძე
260 ## - PUBLICATION, DISTRIBUTION, ETC.
Place of publication, distribution, etc. თბილისი
260 ## - PUBLICATION, DISTRIBUTION, ETC.
Date of publication, distribution, etc. 2008
300 ## - PHYSICAL DESCRIPTION
Extent 310გვ.სურ.ილ.26სმ.
653 ## - INDEX TERM--UNCONTROLLED
Uncontrolled term ზოგადი პათოფიზიოლოგია
942 ## - ADDED ENTRY ELEMENTS (KOHA)
Koha item type წიგნი
ეგზემპლარები
Withdrawn status Lost status Damaged status Not for loan Date acquired Barcode Date last seen Price effective from Koha item type
        2018-12-17 34475 2018-12-17 2018-12-17 წიგნი
        2018-12-17 34476 2018-12-17 2018-12-17 წიგნი
        2018-12-17 34477 2018-12-17 2018-12-17 წიგნი